[Event "World Rapid Women 2018"]
[Site "St Petersburg RUS"]
[Date "2018.12.26"]
[Round "2.21"]
[White "Mammadova, Gulnar"]
[Black "Paramzina, Anastasya"]
[Result "1-0"]
[WhiteTitle "IM"]
[BlackTitle "WGM"]
[WhiteElo "2368"]
[BlackElo "2229"]
[WhiteFideId "13403508"]
[BlackFideId "4165012"]
[EventDate "2018.12.26"]

1. e4 c5 2. Nf3 d6 3. Bb5+ Nd7 4. a4 Nf6 5. Nc3 a6 6. Bc4 e6 7. O-O Qc7 8. Ba2
Ne5 9. Nxe5 dxe5 10. d3 Bd6 11. Bg5 Nd7 12. Qh5 Nf8 13. Ne2 Ng6 14. g3 Bd7 15.
c3 Bc6 16. Qf3 O-O 17. h4 h6 18. Be3 Kh7 19. h5 Ne7 20. Qg2 f5 21. f3 f4 22. Bd2
Qd7 23. Bb3 b5 24. axb5 axb5 25. Rxa8 Bxa8 26. gxf4 c4 27. Ba2 cxd3 28. Nc1 Bc5+
29. Kh1 exf4 30. Bb1 Qe8 31. Qg4 g6 32. hxg6+ Qxg6 33. Qxg6+ Nxg6 34. Bxd3 Ne5
35. Bc2 Nc4 36. Nb3 Be3 37. Be1 e5 38. Bh4 Nxb2 39. Ra1 Bc6 40. Ra6 Bd7 41. Rd6
Rf7 42. Na5 Bh3 43. Bf6 Ra7 44. Nc6 Ra1+ 45. Kh2 Bf1 46. Nxe5 Nc4 47. Rd7+ Kg8
48. Rd8+ Kh7 49. Rh8# 1-0

[Event "World Rapid Women 2018"]
[Site "St Petersburg RUS"]
[Date "2018.12.26"]
[Round "2.22"]
[White "Tsolakidou, Stavroula"]
[Black "Saduakassova, Dinara"]
[Result "0-1"]
[WhiteTitle "IM"]
[BlackTitle "IM"]
[WhiteElo "2387"]
[BlackElo "2472"]
[WhiteFideId "4264312"]
[BlackFideId "13700090"]
[EventDate "2018.12.26"]

1. Nf3 c5 2. c4 g6 3. e4 Bg7 4. d4 cxd4 5. Nxd4 Nc6 6. Be3 Nf6 7. Nc3 d6 8. Be2
O-O 9. O-O Bd7 10. h3 Nxd4 11. Bxd4 Bc6 12. Qc2 a6 13. b4 Rc8 14. Qd3 Qc7 15. a4
a5 16. b5 Bd7 17. Bxf6 Bxf6 18. Nd5 Qc5 19. e5 Bf5 20. Nxf6+ exf6 21. Qxd6 fxe5
22. Qxc5 Rxc5 23. Rfd1 Be6 24. Bf3 Rb8 25. Bd5 Bxd5 26. Rxd5 Rxd5 27. cxd5 Rd8
28. Rd1 Kg7 29. Kf1 Kf6 30. Ke2 e4 31. Ke3 Ke5 32. Rd4 f5 33. Rc4 Rd7 34. Rc5
f4+ 35. Ke2 Kd4 36. Rc8 Kxd5 37. Ra8 b6 38. Rf8 Ke5 39. Re8+ Kf5 40. Rf8+ Kg5
41. Re8 Rd4 42. Re6 Rxa4 43. Rxb6 Ra2+ 44. Kf1 f3 45. gxf3 exf3 46. Kg1 Rb2 47.
Rb7 h5 48. b6 Kh4 49. Rf7 Rxb6 50. Rxf3 Kg5 51. Ra3 Ra6 52. Ra4 Kf5 53. Kg2 Ke5
54. Kg3 Kd5 55. Kh4 Kc5 56. Kg5 Kb5 57. Ra1 a4 58. f4 a3 59. h4 Kb4 60. f5 gxf5
61. Kxh5 Kb3 62. Kg5 Ra5 63. h5 f4+ 64. Kg4 a2 65. h6 Ra6 66. Kg5 Rxh6 67. Kxh6
Kb2 68. Rf1 a1=Q 69. Rxf4 Qg1 70. Kh5 Kc3 71. Rg4 Qh1+ 72. Kg5 Kd3 73. Rg3+ Ke4
74. Rg4+ Ke5 75. Rg3 Qc1+ 76. Kg4 Ke4 77. Kh3 Qh1+ 78. Kg4 Qh6 79. Rg2 Qg6+ 80.
Kh3 Qh5+ 81. Kg3 Ke3 82. Rg1 Qg5+ 83. Kh2 Qh4+ 84. Kg2 Ke2 85. Rh1 Qg4+ 86. Kh2
Kf2 0-1

[Event "World Rapid Women 2018"]
[Site "St Petersburg RUS"]
[Date "2018.12.26"]
[Round "2.23"]
[White "Mkrtchian, Lilit"]
[Black "Komiagina, Maria"]
[Result "1/2-1/2"]
[WhiteTitle "IM"]
[BlackTitle "WIM"]
[WhiteElo "2392"]
[BlackElo "2234"]
[WhiteFideId "13300601"]
[BlackFideId "4153987"]
[EventDate "2018.12.26"]

1. c4 e5 2. Nc3 Nc6 3. g3 g6 4. Bg2 Bg7 5. d3 Nge7 6. Rb1 d6 7. b4 O-O 8. e3 f5
9. Nge2 a6 10. a4 Qe8 11. b5 axb5 12. axb5 Nd8 13. Qb3 Kh8 14. Ba3 f4 15. Be4
fxe3 16. fxe3 Bh6 17. Nd1 Nf5 18. Bc1 Ne6 19. Nec3 Nc5 20. Qc2 Nxe4 21. Nxe4 b6
22. Qe2 Bb7 23. Ndc3 Ne7 24. Bd2 Qd7 25. h4 d5 26. cxd5 Nxd5 27. h5 g5 28. g4
Qe6 29. Rh2 Rf7 30. Nxd5 Bxd5 31. Bc3 Ra2 32. Rb2 Ra1+ 33. Kd2 Bxe4 34. dxe4
Qd6+ 35. Kc2 Rff1 36. Qd2 Rfd1 37. Qxd6 cxd6 38. Bb4 Bf8 39. Rf2 Kg8 40. Rd2 Re1
41. Rd3 Rg1 42. Bxd6 Rxg4 43. Bxe5 Rxe4 44. Bd4 Re6 1/2-1/2

[Event "World Rapid Women 2018"]
[Site "St Petersburg RUS"]
[Date "2018.12.26"]
[Round "2.24"]
[White "Shafigullina, Zarina"]
[Black "Ambartsumova, Karina"]
[Result "1/2-1/2"]
[WhiteTitle "WFM"]
[BlackTitle "WGM"]
[WhiteElo "2140"]
[BlackElo "2383"]
[WhiteFideId "24174220"]
[BlackFideId "4166299"]
[EventDate "2018.12.26"]

1. d4 Nf6 2. Nf3 g6 3. g3 Bg7 4. Bg2 O-O 5. c4 d6 6. O-O Nc6 7. Nc3 e5 8. d5 Nb8
9. e4 a5 10. Ne1 Na6 11. Nd3 Nd7 12. Be3 Ndc5 13. Nxc5 Nxc5 14. a3 f5 15. b4
axb4 16. axb4 Rxa1 17. Qxa1 Nb3 18. Qd1 Nd4 19. Bxd4 exd4 20. Ne2 Qf6 21. Qd3
fxe4 22. Bxe4 Bh3 23. Bg2 Bg4 24. Be4 Bh3 25. Bg2 Bf5 26. Be4 Bxe4 27. Qxe4 Qf3
28. Qe6+ Kh8 29. Nf4 Be5 30. Qe7 Rxf4 31. gxf4 Qg4+ 32. Kh1 Qxf4 33. Qe8+ Kg7
34. Qd7+ Kg8 35. Qc8+ Kg7 36. Qd7+ Kf6 37. Qe6+ Kg7 38. Qd7+ Kh6 39. Qh3+ Kg7
40. Qd7+ Kf8 41. Qd8+ Kg7 42. Qd7+ Kf6 43. Qe6+ Kg7 44. Qd7+ Kh6 45. Qh3+ Kg7
46. Qd7+ Kf6 47. Qe6+ Kg7 1/2-1/2

[Event "World Rapid Women 2018"]
[Site "St Petersburg RUS"]
[Date "2018.12.26"]
[Round "2.25"]
[White "Protopopova, Anastasiya"]
[Black "Galliamova, Alisa"]
[Result "1/2-1/2"]
[WhiteTitle "WFM"]
[BlackTitle "IM"]
[WhiteElo "2304"]
[BlackElo "2444"]
[WhiteFideId "24172073"]
[BlackFideId "4129725"]
[EventDate "2018.12.26"]

1. d4 d5 2. Nf3 Nf6 3. c4 dxc4 4. e3 b5 5. a4 b4 6. Bxc4 e6 7. Nbd2 Be7 8. Nb3
O-O 9. Qe2 Bb7 10. O-O Nbd7 11. Rd1 c5 12. Bd2 a5 13. Be1 Qb6 14. dxc5 Nxc5 15.
Nfd4 Rfd8 16. f3 Bd5 17. Bxd5 Nxd5 18. Bf2 e5 19. Nxc5 Bxc5 20. Nf5 g6 21. Nh6+
Kg7 22. Ng4 f6 23. e4 Bxf2+ 24. Qxf2 Qxf2+ 25. Kxf2 Nf4 26. Rab1 Rac8 27. Ne3 b3
28. Rxd8 Rxd8 29. Rd1 Rxd1 30. Nxd1 f5 31. g3 Nd3+ 32. Ke3 Nc5 33. Nc3 Kf6 34.
f4 Ke6 35. exf5+ gxf5 36. fxe5 Kxe5 37. h3 h5 38. h4 Nd7 39. Ne2 Nc5 40. Nc3 Na6
41. Ne2 Nc5 42. Nc3 Ne6 43. Ne2 Nc5 44. Nc3 1/2-1/2

[Event "World Rapid Women 2018"]
[Site "St Petersburg RUS"]
[Date "2018.12.26"]
[Round "2.26"]
[White "Skripchenko, Almira"]
[Black "Doan, Thi Van Anh"]
[Result "1-0"]
[WhiteTitle "IM"]
[BlackTitle "WFM"]
[WhiteElo "2408"]
[BlackElo "1950"]
[WhiteFideId "13900145"]
[BlackFideId "12400491"]
[EventDate "2018.12.26"]

1. e4 c6 2. Nc3 d5 3. Nf3 dxe4 4. Nxe4 Nf6 5. Nxf6+ exf6 6. d4 Bg4 7. c3 Bd6 8.
Be2 O-O 9. h3 Bh5 10. Be3 Nd7 11. Qd2 Qa5 12. O-O Rfe8 13. b4 Qc7 14. c4 a5 15.
a3 Nf8 16. c5 Be7 17. d5 cxd5 18. Qxd5 Bg6 19. Nd4 Rad8 20. Qc4 axb4 21. axb4 f5
22. Nb5 Qc8 23. Bf3 Ne6 24. Rad1 Rxd1 25. Rxd1 Rd8 26. Rxd8+ Nxd8 27. Bf4 h6 28.
Nd6 Bxd6 29. Bxd6 Kh7 30. b5 f6 31. c6 bxc6 32. bxc6 Nf7 33. Qc5 Nxd6 34. Qxd6
Be8 35. h4 Kg6 36. h5+ Kh7 37. g3 Bf7 38. Qd7 Be6 39. Qe7 Kg8 40. c7 Kh7 41. Bc6
Kg8 42. Be8 Kh8 43. Qd8 g5 44. Bd7+ 1-0

[Event "World Rapid Women 2018"]
[Site "St Petersburg RUS"]
[Date "2018.12.26"]
[Round "2.27"]
[White "Nazarova, Anastasia"]
[Black "Berend, Elvira"]
[Result "0-1"]
[WhiteTitle "WFM"]
[BlackTitle "WGM"]
[WhiteElo "2157"]
[BlackElo "2332"]
[WhiteFideId "34101737"]
[BlackFideId "4000510"]
[EventDate "2018.12.26"]

1. e4 c5 2. Nf3 e6 3. d4 cxd4 4. Nxd4 Nc6 5. Nc3 a6 6. Nxc6 bxc6 7. Bd3 d5 8.
O-O Nf6 9. Qf3 Be7 10. Qg3 O-O 11. Bh6 Ne8 12. Bf4 f6 13. Rad1 e5 14. Bc1 d4 15.
Nb1 Be6 16. b3 c5 17. f4 exf4 18. Bxf4 Qd7 19. c3 Kh8 20. Kh1 Nd6 21. cxd4 cxd4
22. Qf2 Nf7 23. Nd2 Ne5 24. Nf3 Nxf3 25. gxf3 a5 26. Qe2 Bd6 27. Bb5 Qe7 28. Bc1
Bc5 29. Bb2 Rad8 30. Rc1 Ba3 31. Rfd1 Bg8 32. Bc4 Bxc4 33. Rxc4 Bxb2 34. Qxb2 d3
35. Rd4 Rxd4 36. Qxd4 Rd8 37. Qc3 Qd6 38. Qxa5 d2 39. Qc3 Qa6 40. Qe3 Qxa2 41.
Kg2 Qc2 42. Qe2 h6 43. b4 Qb2 44. b5 Rd6 45. Qc4 Qe5 46. Qc8+ Kh7 47. Qf5+ Qxf5
48. exf5 Rb6 49. Rxd2 Rxb5 50. Kg3 Rxf5 51. Rd7 Kg6 52. Ra7 Rc5 53. Rb7 h5 54.
h4 Kh6 55. Rb6 Rf5 56. Ra6 g5 57. hxg5+ Kxg5 58. Ra8 h4+ 59. Kg2 Rb5 60. Rg8+
Kf5 61. Rh8 Rb2+ 62. Kf1 Kg5 63. Kg1 f5 64. Rh7 Kf4 65. Rxh4+ Kg3 0-1

[Event "World Rapid Women 2018"]
[Site "St Petersburg RUS"]
[Date "2018.12.26"]
[Round "2.28"]
[White "Harika, Dronavalli"]
[Black "Geller, Anastasiya"]
[Result "0-1"]
[WhiteTitle "GM"]
[BlackTitle "WFM"]
[WhiteElo "2494"]
[BlackElo "2187"]
[WhiteFideId "5015197"]
[BlackFideId "24119059"]
[EventDate "2018.12.26"]

1. e4 c6 2. Nf3 d5 3. Nc3 Nf6 4. e5 Ne4 5. Ne2 Qb6 6. d4 f6 7. Ng3 Bg4 8. Be2
Nxg3 9. hxg3 Nd7 10. c3 O-O-O 11. a4 Bxf3 12. gxf3 fxe5 13. a5 Qc7 14. dxe5 Qxe5
15. Be3 a6 16. f4 Qd6 17. f5 Qf6 18. Bg4 h5 19. Bh3 g5 20. Bd4 Qh6 21. Bxh8 Qxh8
22. Qe2 h4 23. gxh4 gxh4 24. Kf1 Qh6 25. Re1 Nf6 26. Rg1 Kb8 27. Qe3 Qh8 28.
Qe5+ Ka8 29. Rg6 Qh5 30. Qe2 Qh7 31. Qe3 Ne4 32. Qb6 Rc8 33. f6 Rb8 34. Bf5 h3
35. fxe7 0-1

[Event "World Rapid Women 2018"]
[Site "St Petersburg RUS"]
[Date "2018.12.26"]
[Round "2.29"]
[White "Bodnaruk, Anastasia"]
[Black "Drozdova, Dina"]
[Result "1/2-1/2"]
[WhiteTitle "IM"]
[BlackTitle "WIM"]
[WhiteElo "2420"]
[BlackElo "2178"]
[WhiteFideId "4181751"]
[BlackFideId "4170695"]
[EventDate "2018.12.26"]

1. e4 d6 2. d4 Nf6 3. Nc3 e5 4. Nf3 Nbd7 5. Bc4 Be7 6. O-O O-O 7. Re1 c6 8. a4
a5 9. b3 exd4 10. Nxd4 Nc5 11. Bb2 Re8 12. f3 Bf8 13. Qd2 Bd7 14. Bf1 Qb6 15.
Kh1 Rad8 16. Nf5 Bxf5 17. exf5 Rxe1 18. Rxe1 d5 19. Ne2 Ncd7 20. Nd4 Bb4 21. c3
Bc5 22. Qc2 Re8 23. Rxe8+ Nxe8 24. Ne2 Nef6 25. Nf4 Qc7 26. Nd3 Bd6 27. g3 Ne5
28. Be2 Nxd3 29. Bxd3 Qe7 30. Qe2 Kf8 31. Kg2 Nd7 32. Qd2 h6 33. Bc2 Nf6 34. c4
Bb4 35. Qd3 dxc4 36. bxc4 Kg8 37. Bd4 Bc5 38. Bc3 Bb4 39. Bb2 Bc5 40. Bd1 Kh7
41. Be2 Qe3 42. Qxe3 Bxe3 43. Bxf6 gxf6 44. h4 Kg7 45. f4 Bd4 46. Kf3 Bc5 47. g4
Bb6 48. g5 fxg5 49. fxg5 hxg5 50. hxg5 f6 51. gxf6+ Kxf6 52. Ke4 Bg1 53. Bh5 Bf2
54. Be8 Bg1 55. Bd7 Bf2 56. Bc8 b6 57. Bd7 Bg1 1/2-1/2

[Event "World Rapid Women 2018"]
[Site "St Petersburg RUS"]
[Date "2018.12.26"]
[Round "2.30"]
[White "Zhao, Xue"]
[Black "Injac, Teodora"]
[Result "1-0"]
[WhiteTitle "GM"]
[BlackTitle "WIM"]
[WhiteElo "2485"]
[BlackElo "2325"]
[WhiteFideId "8601283"]
[BlackFideId "932400"]
[EventDate "2018.12.26"]

1. Nf3 Nf6 2. c4 g6 3. b3 Bg7 4. Bb2 O-O 5. g3 d6 6. d4 Nbd7 7. Bg2 e5 8. O-O
Re8 9. Nc3 e4 10. Ne1 h5 11. h3 Nf8 12. Nc2 N8h7 13. Ne3 Ng5 14. h4 Nh3+ 15. Kh2
Ng4+ 16. Nxg4 hxg4 17. Nxe4 f5 18. Nd2 g5 19. Bxh3 gxh3 20. hxg5 Qxg5 21. Nf3
Qh5 22. Rg1 Bd7 23. Qc2 Re4 24. d5 Rae8 25. Rae1 Rg4 26. Bxg7 Rxg7 27. Nd4 c5
28. dxc6 bxc6 29. c5 Re4 30. e3 Re5 31. b4 dxc5 32. bxc5 f4 33. gxf4 Rg2+ 34.
Kh1 Rxc5 35. Qb3+ Kh7 36. e4 Rxf2 37. Qg8+ 1-0

[Event "World Rapid Women 2018"]
[Site "St Petersburg RUS"]
[Date "2018.12.26"]
[Round "2.31"]
[White "Garifullina, Leya"]
[Black "Batsiashvili, Nino"]
[Result "1-0"]
[WhiteTitle "WCM"]
[BlackTitle "GM"]
[WhiteElo "2132"]
[BlackElo "2459"]
[WhiteFideId "34127035"]
[BlackFideId "13602993"]
[EventDate "2018.12.26"]

1. e4 c6 2. d4 d5 3. e5 Bf5 4. h4 h5 5. c4 e6 6. Nc3 dxc4 7. Bxc4 Nd7 8. Be2 g6
9. Nf3 Ne7 10. Bg5 Qb6 11. Qd2 Nd5 12. O-O Bg7 13. a3 a6 14. Rfc1 Nxc3 15. bxc3
c5 16. Bd1 Qc6 17. a4 b6 18. Qe3 Qe4 19. Nd2 Qxe3 20. Bxe3 O-O 21. Bf3 Rab8 22.
Nc4 f6 23. Bc6 Rfd8 24. f4 Bf8 25. Bf2 Bd3 26. Ne3 c4 27. d5 fxe5 28. dxe6 Nc5
29. fxe5 Nxe6 30. Bd5 Re8 31. Nxc4 Bc5 32. Bxc5 bxc5 33. Nd6 Re7 34. Rd1 Be2 35.
Rdb1 Rd8 36. Re1 Bg4 37. Rab1 Kg7 38. c4 Nd4 39. Rb7 Rxb7 40. Nxb7 Re8 41. Kh2
Nb3 42. Re3 Nd2 43. Re1 Nb3 44. e6 Re7 45. Nd6 Nd4 46. Nb7 Nb3 47. Kg1 Kf6 48.
Re3 Nd4 49. Nxc5 Ne2+ 50. Kf2 Nf4 51. Nd7+ Kg7 52. g3 Nxe6 53. Nc5 Rf7+ 54. Ke1
Nxc5 55. Bxf7 Kxf7 56. Kd2 Nxa4 57. Kd3 Nc5+ 58. Kd4 Ne6+ 59. Kd5 Ke7 60. Kc6 a5
61. c5 Kd8 62. Kd6 1-0

[Event "World Rapid Women 2018"]
[Site "St Petersburg RUS"]
[Date "2018.12.26"]
[Round "2.32"]
[White "Garcia Martin, Marta"]
[Black "Gaponenko, Inna"]
[Result "1-0"]
[WhiteTitle "FM"]
[BlackTitle "IM"]
[WhiteElo "2301"]
[BlackElo "2420"]
[WhiteFideId "32084030"]
[BlackFideId "14101181"]
[EventDate "2018.12.26"]

1. e4 g6 2. d4 Bg7 3. Nf3 d6 4. Bc4 Nf6 5. Qe2 c6 6. Bb3 O-O 7. O-O a5 8. a4 Na6
9. h3 Nc7 10. Rd1 Be6 11. c4 d5 12. e5 Nd7 13. Ng5 dxc4 14. Nxe6 Nxe6 15. Bxc4
Nb6 16. Bxe6 fxe6 17. Nc3 Rf5 18. Be3 Nd5 19. Ne4 Qd7 20. Nc5 Qc8 21. Rac1 b6
22. Ne4 Qd7 23. Bd2 Raf8 24. Qc4 c5 25. dxc5 Bxe5 26. c6 Qc7 27. Bh6 Rc8 28. Ng5
Qd6 29. Qa6 Qb8 30. Nxe6 Bxb2 31. c7 Nxc7 32. Rxc7 Rxc7 33. Nxc7 Qxc7 34. Qa8+
Kf7 35. Qf8+ Ke6 36. Qg8+ Rf7 37. Re1+ Be5 38. Bf4 Qc4 39. Bxe5 Kd7 40. Rd1+ Ke6
41. Bg3 Qb3 42. Qc8+ Kf6 43. Re1 g5 44. Qc6+ e6 45. Re3 Qd1+ 46. Kh2 Re7 47.
Be5+ Kf7 48. Rf3+ Kg6 49. Qe4+ 1-0

[Event "World Rapid Women 2018"]
[Site "St Petersburg RUS"]
[Date "2018.12.26"]
[Round "2.33"]
[White "Tomilova, Elena"]
[Black "Yurasova, Daria"]
[Result "1/2-1/2"]
[WhiteTitle "WIM"]
[WhiteElo "2338"]
[BlackElo "2190"]
[WhiteFideId "4162340"]
[BlackFideId "34146919"]
[EventDate "2018.12.26"]

1. d4 d5 2. c4 dxc4 3. e3 e5 4. Bxc4 exd4 5. exd4 Nf6 6. Nf3 Be7 7. O-O O-O 8.
h3 Nc6 9. Nc3 h6 10. Re1 a6 11. a3 Bf5 12. d5 Nb8 13. Nd4 Bh7 14. Qf3 Re8 15.
Bf4 Bd6 16. Rxe8+ Nxe8 17. Re1 Bxf4 18. Qxf4 Nd6 19. Bb3 Nd7 20. Re3 Qf6 21.
Qxf6 Nxf6 22. g4 1/2-1/2

[Event "World Rapid Women 2018"]
[Site "St Petersburg RUS"]
[Date "2018.12.26"]
[Round "2.34"]
[White "Shaydullina, Sandugach"]
[Black "Nguyen, Thi Mai Hung"]
[Result "0-1"]
[WhiteTitle "WGM"]
[BlackTitle "WGM"]
[WhiteElo "2033"]
[BlackElo "2280"]
[WhiteFideId "4140389"]
[BlackFideId "12401676"]
[EventDate "2018.12.26"]

1. d4 d5 2. Nf3 Nf6 3. c4 c6 4. Qc2 g6 5. Bf4 Bg7 6. e3 Bf5 7. Qb3 Qb6 8. Nc3
Qxb3 9. axb3 Nbd7 10. b4 O-O 11. h3 dxc4 12. Bxc4 Nb6 13. Bb3 a6 14. g4 Be4 15.
Nxe4 Nxe4 16. Ne5 Bxe5 17. Bxe5 Nd5 18. f3 Ng5 19. Ke2 Nxb4 20. e4 Ne6 21. Ra4
a5 22. Rha1 b6 23. f4 Rac8 24. f5 Nc7 25. h4 Nb5 26. h5 g5 27. h6 c5 28. dxc5
Rxc5 29. Bg7 Rd8 30. Rf1 Nd4+ 31. Bxd4 Rxd4 32. Rd1 Rxd1 33. Bxd1 Rc6 34. Ra3
Rxh6 35. Rc3 Rh2+ 36. Ke3 Rxb2 37. Rc7 Kf8 38. Rc8+ Kg7 39. Rc7 Kf6 40. Rb7 Nc6
41. Be2 a4 42. Rc7 Ne5 43. Ra7 Rb3+ 44. Kd2 Rb4 45. Ra6 e6 46. Ke3 Rb3+ 47. Kd2
b5 48. Ra5 a3 49. fxe6 fxe6 50. Ra7 Rb2+ 51. Ke3 b4 52. Rxh7 a2 53. Ra7 b3 54.
Bd1 Rb1 55. Bxb3 Rxb3+ 56. Ke2 Rh3 57. Ra8 Rh1 0-1

[Event "World Rapid Women 2018"]
[Site "St Petersburg RUS"]
[Date "2018.12.26"]
[Round "2.35"]
[White "Mammadzada, Gunay"]
[Black "Solozhenkina, Elizaveta"]
[Result "1-0"]
[WhiteTitle "IM"]
[BlackTitle "WIM"]
[WhiteElo "2422"]
[BlackElo "2258"]
[WhiteFideId "13403729"]
[BlackFideId "34106615"]
[EventDate "2018.12.26"]

1. e4 c5 2. Nf3 d6 3. d4 cxd4 4. Nxd4 Nf6 5. Nc3 a6 6. Be3 e5 7. Nb3 Be6 8. Qd2
Be7 9. f4 O-O 10. f5 Bxb3 11. axb3 d5 12. Nxd5 Nxe4 13. Qa5 Nc6 14. Qxd8 Rfxd8
15. O-O-O Bc5 16. Bxc5 Nxc5 17. g4 Ne4 18. Rg1 Nd4 19. Nb6 Rab8 20. Rg2 Nf3 21.
Rxd8+ Rxd8 22. Re2 Neg5 23. h4 Nxh4 24. Rxe5 Kf8 25. Rc5 Nhf3 26. Bd3 Ne1 27.
Be2 Ne4 28. Rc7 Ng3 29. Bc4 h5 30. Rxf7+ Ke8 31. Rxg7 Rd6 32. Rg8+ Ke7 33. Nc8+ 1-0

[Event "World Rapid Women 2018"]
[Site "St Petersburg RUS"]
[Date "2018.12.26"]
[Round "2.36"]
[White "Lei, Tingjie"]
[Black "Gvanceladze, Anna"]
[Result "1-0"]
[WhiteTitle "GM"]
[BlackTitle "WFM"]
[WhiteElo "2453"]
[BlackElo "2264"]
[WhiteFideId "8605114"]
[BlackFideId "4113721"]
[EventDate "2018.12.26"]

1. Nf3 d5 2. g3 Nf6 3. Bg2 c6 4. c4 g6 5. b3 Bg7 6. Bb2 O-O 7. O-O Nbd7 8. d4 b6
9. Nc3 Bb7 10. cxd5 cxd5 11. Qd3 Ne4 12. Rfc1 Rc8 13. a4 a6 14. e3 e6 15. Nd2
Nxd2 16. Qxd2 h5 17. a5 bxa5 18. Na4 h4 19. Bc3 Qf6 20. Bxa5 e5 21. Bc3 Qf5 22.
Bb4 Rfe8 23. Nc5 Nxc5 24. Bxc5 h3 25. Bf1 exd4 26. Bxd4 Bxd4 27. Qxd4 Rc2 28.
Rxc2 Qxc2 29. Bxh3 Qxb3 30. Bg2 Rc8 31. Rd1 a5 32. Bxd5 Bxd5 33. Qxd5 Qxd5 34.
Rxd5 Ra8 35. Rd3 Kg7 36. Ra3 a4 37. f4 f5 38. Kf2 Kf6 39. Kf3 Ke6 40. e4 fxe4+
41. Kxe4 Ra5 42. g4 Kf6 43. Kd4 Ra8 44. h3 Ke6 45. Kc4 Rf8 46. Rf3 Rb8 47. Re3+
Kf6 48. Ra3 Ra8 49. Kb5 Ke6 50. Rxa4 Rh8 51. Ra6+ Kd5 52. Rxg6 Rxh3 53. f5 Rb3+
54. Ka4 Rb1 55. f6 Ke6 56. g5 Rb7 57. Rg8 Kf5 58. Rg7 Rb8 59. f7 Ke6 60. g6 Ke7
61. Rg8 1-0

[Event "World Rapid Women 2018"]
[Site "St Petersburg RUS"]
[Date "2018.12.26"]
[Round "2.37"]
[White "Stetsko, Lanita"]
[Black "Ushenina, Anna"]
[Result "0-1"]
[WhiteTitle "FM"]
[BlackTitle "GM"]
[WhiteElo "2194"]
[BlackElo "2440"]
[WhiteFideId "13505300"]
[BlackFideId "14110911"]
[EventDate "2018.12.26"]

1. e4 c5 2. Nf3 Nc6 3. Bb5 g6 4. O-O Bg7 5. Re1 e5 6. Bxc6 dxc6 7. d3 Nh6 8. Be3
b6 9. h3 f6 10. a3 a5 11. a4 Nf7 12. Nbd2 O-O 13. Nc4 Be6 14. b3 Qc7 15. Rb1
Rfe8 16. Bd2 Nd8 17. Qc1 Bf7 18. Nh2 h5 19. f4 b5 20. Na3 Rb8 21. fxe5 fxe5 22.
Nf3 Ne6 23. Ng5 Nxg5 24. Bxg5 Qd6 25. Qe3 c4 26. axb5 Qxa3 27. bxc4 cxb5 28.
cxb5 Qc3 29. Bh6 a4 30. Bxg7 Kxg7 31. Kh2 a3 32. Rf1 Rb7 33. Qg5 a2 34. Ra1 Qxc2
35. Qf6+ Kg8 36. Rac1 Qxd3 37. b6 Qd7 38. Rcd1 Qe6 39. Qg5 Rxb6 40. Qe3 Reb8 41.
Qd3 Rb3 42. Qc2 Qc4 0-1

[Event "World Rapid Women 2018"]
[Site "St Petersburg RUS"]
[Date "2018.12.26"]
[Round "2.38"]
[White "Atalik, Ekaterina"]
[Black "Ovod, Evgenija"]
[Result "0-1"]
[WhiteTitle "IM"]
[BlackTitle "IM"]
[WhiteElo "2447"]
[BlackElo "2367"]
[WhiteFideId "4130189"]
[BlackFideId "4131827"]
[EventDate "2018.12.26"]

1. Nf3 d5 2. e3 e6 3. c4 c6 4. Nc3 f5 5. b3 Nf6 6. Bb2 Bd6 7. Be2 O-O 8. Qc2 Qe7
9. d4 Ne4 10. Ne5 Nd7 11. Nd3 a5 12. c5 Bc7 13. Na4 Qg5 14. g3 Qh6 15. O-O-O
Nxf2 16. Nxf2 Qxe3+ 17. Kb1 Qxf2 18. g4 Nf6 19. gxf5 exf5 20. Rdf1 Qh4 21. Nb6
Bxb6 22. cxb6 f4 23. Bd3 Bh3 24. Ba3 Bxf1 25. Rxf1 Rfe8 26. Bd6 Re1+ 27. Rxe1
Qxe1+ 28. Kb2 f3 29. Be5 f2 30. Bxf6 gxf6 31. Bxh7+ Kh8 32. Bd3 Rg8 33. Qc5 Qd2+
34. Bc2 f1=Q 0-1

[Event "World Rapid Women 2018"]
[Site "St Petersburg RUS"]
[Date "2018.12.26"]
[Round "2.39"]
[White "Nebolsina, Vera"]
[Black "Shuvalova, Polina"]
[Result "0-1"]
[WhiteTitle "WGM"]
[BlackTitle "WIM"]
[WhiteElo "2242"]
[BlackElo "2441"]
[WhiteFideId "4163591"]
[BlackFideId "24171760"]
[EventDate "2018.12.26"]

1. e4 c6 2. d4 d5 3. f3 Qb6 4. Nc3 e6 5. a3 Nf6 6. Be3 Be7 7. Be2 O-O 8. e5 Nfd7
9. f4 c5 10. Nf3 Nc6 11. Qd2 cxd4 12. Nxd4 Nxd4 13. Bxd4 Qc7 14. O-O Bc5 15. Nb5
Qc6 16. b4 Be7 17. Rf3 Nb6 18. Bxb6 Qxb6+ 19. Kh1 Bd7 20. Nd4 a5 21. Rb1 axb4
22. axb4 Ra4 23. c3 Rfa8 24. Rff1 g6 25. Bd1 Ra2 26. Bc2 Qc7 27. Qd3 R2a3 28.
Bb3 Qb6 29. f5 exf5 30. Bxd5 Rc8 31. Bb3 Qa6 32. b5 Qb6 33. Nc2 Rxb3 34. Rxb3
Be6 35. Rbb1 Qc7 36. Qf3 b6 37. Nd4 Bc4 38. Rfe1 Bh4 39. g3 Qc5 40. Kg1 Bd5 41.
Qe3 Be7 42. h4 Be4 43. Rbc1 Qxe5 44. Nc6 Rxc6 0-1

[Event "World Rapid Women 2018"]
[Site "St Petersburg RUS"]
[Date "2018.12.26"]
[Round "2.40"]
[White "Voit, Daria"]
[Black "Dumcheva, Julia"]
[Result "1-0"]
[WhiteTitle "FM"]
[BlackTitle "WFM"]
[WhiteElo "2358"]
[BlackElo "2168"]
[WhiteFideId "4182146"]
[BlackFideId "24143375"]
[EventDate "2018.12.26"]

1. Nf3 Nf6 2. c4 g6 3. d4 Bg7 4. Nc3 d6 5. Bg5 O-O 6. e3 c6 7. Be2 Qe8 8. h3 e5
9. O-O a6 10. a4 Nbd7 11. Qc2 h6 12. Bh4 Nh7 13. b4 f5 14. Rfe1 e4 15. Nd2 g5
16. Bg3 Qg6 17. b5 Rf7 18. bxc6 bxc6 19. Rab1 Bf8 20. a5 Rg7 21. Qa4 f4 22. Qxc6
fxg3 23. Qxa8 gxf2+ 24. Kxf2 Qf5+ 25. Kg1 Ndf6 26. Rf1 Qe6 27. Rb8 Rc7 28. Nd5
Nxd5 29. cxd5 Qd7 30. Bg4 Ra7 31. Bxd7 Rxa8 32. Rxa8 Bxd7 33. Rxa6 Bb5 34. Rxf8+ 1-0